Normal view
MARC view
- البيلي، محمد عبدالله، قاسم، عبدالله عبد القادر م. مشارك ، الصمادي، أحمد عبد المجيد م.مشارك
Entry Personal Name
001 - CONTROL NUMBER
- control field: 57769
003 - CONTROL NUMBER IDENTIFIER
- control field: JO-AjAnu
005 - DATE AND TIME OF LATEST TRANSACTION
- control field: 20230606083446.0
008 - FIXED-LENGTH DATA ELEMENTS
- fixed length control field: 230606|| aca||aabn | a|a d
040 ## - CATALOGING SOURCE
- Original cataloging agency: JO-AjAnu
- Transcribing agency: JO-AjAnu
100 ## - HEADING--PERSONAL NAME
- Personal name: البيلي، محمد عبدالله، قاسم، عبدالله عبد القادر م. مشارك ، الصمادي، أحمد عبد المجيد م.مشارك
670 ## - SOURCE DATA FOUND
- Source citation: Work cat.: (JO-AjAnu)29475: البيلي، محمد عبدالله، قاسم، عبدالله عبد القادر م. مشارك ، الصمادي، أحمد عبد المجيد م.مشارك, author, علم النفس التربوي وتطبيقاته